Расчёт и оптимизация процесса прямого плазменного получения двуокиси урана из гексафторида; Перспективы развития фундаментальных наук

Dades bibliogràfiques
Parent link:Перспективы развития фундаментальных наук.— 2012.— [С. 242-244]
Autor principal: Тойкин Б. С.
Altres autors: Шахматова О. Д. (научный руководитель), Каренгин А. Г. Александр Григорьевич
Sumari:Заглавие с экрана
In the traditional approach, the process of obtaining uranium dioxide from solutions is usually carried out using a series of operations: precipitation of insoluble salts (oxalates, carbonates), filtration, drying, calcination, grinding, hydrogen reduction of uranium oxides to uranium dioxide. This paper shows the possibility of direct production the uranium dioxide from uranium hexafluoride in a variety of plasma fluids.
Idioma:rus
Publicat: 2012
Col·lecció:Физика
Matèries:
Accés en línia:http://www.lib.tpu.ru/fulltext/c/2012/C21/078.pdf
Format: MixedMaterials Electrònic Capítol de llibre
KOHA link:https://koha.lib.tpu.ru/cgi-bin/koha/opac-detail.pl?biblionumber=237398

MARC

LEADER 00000naa2a2200000 4500
001 237398
005 20260423105338.0
035 |a (RuTPU)RU\TPU\book\258572 
035 |a RU\TPU\book\258571 
090 |a 237398 
100 |a 20130515d2012 k y0rusy50 ca 
101 0 |a rus 
102 |a RU 
135 |a drcn ---uucaa 
181 0 |a i  
182 0 |a b 
200 1 |a Расчёт и оптимизация процесса прямого плазменного получения двуокиси урана из гексафторида  |f Б. С. Тойкин, О. Д. Шахматова  |g науч. рук. А. Г. Каренгин  |d Calculation and optimization the process of direct plasma production of uranium dioxide from uranium hexafluoride 
203 |a Текст  |c электронный 
215 |a 1 файл(354 Кб) 
225 1 |a Физика 
300 |a Заглавие с экрана 
320 |a [Библиогр.: с. 244 (5 назв.)] 
330 |a In the traditional approach, the process of obtaining uranium dioxide from solutions is usually carried out using a series of operations: precipitation of insoluble salts (oxalates, carbonates), filtration, drying, calcination, grinding, hydrogen reduction of uranium oxides to uranium dioxide. This paper shows the possibility of direct production the uranium dioxide from uranium hexafluoride in a variety of plasma fluids. 
337 |a Adobe Reader 
463 1 |0 (RuTPU)RU\TPU\book\256864  |t Перспективы развития фундаментальных наук  |l Prospects of fundamental sciences development  |o сборник научных трудов IX Международной конференция студентов и молодых ученых, г. Томск, 24-27 апреля 2012 г.  |f Национальный исследовательский Томский политехнический университет (ТПУ) ; ред. коллегия Е. А. Вайтулевич ; Г. А. Лямина ; Г. А. Воронова ; М. П. Никитич ; А. М. Лидер ; Ю. Р. Цой ; М. Е. Семенов  |v [С. 242-244]  |d 2012 
510 1 |a Calculation and optimization the process of direct plasma production of uranium dioxide from uranium hexafluoride  |z eng 
610 1 |a электронный ресурс 
610 1 |a труды учёных ТПУ 
610 1 |a расчет 
610 1 |a оптимизация процессов 
610 1 |a плазменное состояние 
610 1 |a двуокись урана 
610 1 |a гексафторид урана 
700 1 |a Тойкин  |b Б. С. 
701 1 |a Шахматова  |b О. Д. 
702 1 |a Каренгин  |b А. Г.  |c физик  |c доцент Томского политехнического университета, кандидат физико-математических наук  |f 1950-  |g Александр Григорьевич  |4 727 
801 1 |a RU  |b 63413507  |c 20101016 
801 2 |a RU  |b 63413507  |c 20131017  |g RCR 
856 4 |u http://www.lib.tpu.ru/fulltext/c/2012/C21/078.pdf 
942 |c CF